Guide to building construction duration (Record no. 103793)

MARC details
000 -LEADER
fixed length control field 01596cam a2200301 4500
001 - CONTROL NUMBER
control field L127480
008 - FIXED-LENGTH DATA ELEMENTS--GENERAL INFORMATION
fixed length control field 040922n2004 000 0 eng u
020 ## - INTERNATIONAL STANDARD BOOK NUMBER
International Standard Book Number 1904829058
035 ## - SYSTEM CONTROL NUMBER
System control number (Sirsi) u127480
041 ## - LANGUAGE CODE
Language code of text/sound track or separate title eng
050 ## - LIBRARY OF CONGRESS CALL NUMBER
Classification number 690.23
-- 18
110 ## - MAIN ENTRY--CORPORATE NAME
Corporate name or jurisdiction name as entry element Building Cost Information Service
9 (RLIN) 1096
245 ## - TITLE STATEMENT
Title Guide to building construction duration
260 ## - PUBLICATION, DISTRIBUTION, ETC.
Place of publication, distribution, etc. London
Name of publisher, distributor, etc. BCIS
Date of publication, distribution, etc. 2004
300 ## - PHYSICAL DESCRIPTION
Extent 80p.
Dimensions 30cm.
350 ## - PRICE (NR) (BK AM CF MU VM SE) [OBSOLETE]
Price 95
520 ## - SUMMARY, ETC.
Summary, etc. This guide presents and analyses data on the actual time taken to construct buildings, providing an aid to clients and their consultants in estimating the construction duration at the earliest stages of future products. The data used in this study has been collected as part of the annual Key Performance Indicators survey carried out by BCIS on behalf of the DTI. The study is based on over 1 500 new build building projects completed in the UK between 1998 and 2002. Appendices provide: regional factors; the BCIS Tender Price Index; definition of classification of variables; log values of construction costs; multiple linear regression; and equations for regression trend lines.
520 ## - SUMMARY, ETC.
Summary, etc. An accompanying CD-ROM (L145245)contains the BCIS building construction duration calculator, which is not available for loan.
650 ## - SUBJECT ADDED ENTRY--TOPICAL TERM
Topical term or geographic name entry element CONSTRUCTION PROJECTS
650 ## - SUBJECT ADDED ENTRY--TOPICAL TERM
Topical term or geographic name entry element CONSTRUCTION COSTS
650 ## - SUBJECT ADDED ENTRY--TOPICAL TERM
Topical term or geographic name entry element BUILT ENVIRONMENT-BUILDING COSTS
650 ## - SUBJECT ADDED ENTRY--TOPICAL TERM
Topical term or geographic name entry element MANAGEMENT-PROJECT MANAGEMENT
650 ## - SUBJECT ADDED ENTRY--TOPICAL TERM
Topical term or geographic name entry element ESTIMATING
650 ## - SUBJECT ADDED ENTRY--TOPICAL TERM
Topical term or geographic name entry element KEY PERFORMANCE INDICATORS
690 ## - LOCAL SUBJECT ADDED ENTRY--TOPICAL TERM (OCLC, RLIN)
Topical term or geographic name as entry element BUILDING AND CONSTRUCTION-PROJECTS
942 ## - ADDED ENTRY ELEMENTS (KOHA)
Suppress in OPAC 0
Holdings
Withdrawn status Lost status Source of classification or shelving scheme Damaged status Not for loan Home library Current library Shelving location Date acquired Total Checkouts Full call number Barcode Date last seen Copy number Price effective from Koha item type
    Dewey Decimal Classification     London London RICS Boxes 15/07/2010   RICS 2004/55 30069760 06/08/2019 1 06/08/2019 Book
    Dewey Decimal Classification     London London RICS Boxes 06/06/2011   RICS 2004/55 30069764 06/08/2019 2 06/08/2019 Book